Les précurseurs de la révolution / (Record no. 158156)

MARC details
000 -LEADER
campo de control de longitud fija 00603nam a22001815i 4500
001 - NÚMERO DE CONTROL
campo de control 158156
003 - IDENTIFICADOR DE NÚMERO DE CONTROL
campo de control ES-MaACL
005 - FECHA Y HORA DE LA ÚLTIMA TRANSACCIÓN
campo de control 20250808063152.0
008 - DATOS DE LONGITUD FIJA--INFORMACIÓN GENERAL
campo de control de longitud fija 040824s1875 fr |||| | fre d
040 ## - FUENTE DE CATALOGACIÓN
Centro catalogador/agencia de origen CAM
Lengua de catalogación spa
Centro/agencia transcriptor CAM
100 1# - ENTRADA PRINCIPAL--NOMBRE DE PERSONA
Nombre de persona Loudun, Eugène.
9 (RLIN) 129094
245 14 - MENCIÓN DEL TÍTULO
Título Les précurseurs de la révolution /
Mención de responsabilidad, etc. Eugène Loudun.
260 ## - PUBLICACIÓN, DISTRIBUCIÓN, ETC.
Lugar de publicación, distribución, etc. Paris :
Nombre del editor, distribuidor, etc. Victor Palmé éditeur,
Fecha de publicación, distribución, etc. 1875 (
Lugar de fabricación/manufactura Boulogne (Seine) :
Fabricante Imp. Jules Boyer)
300 ## - DESCRIPCIÓN FÍSICA
Extensión III, 351 p. ;
Dimensiones 22 cm.
651 #4 - PUNTO DE ACCESO ADICIONAL DE MATERIA--NOMBRE GEOGRÁFICO
Nombre geográfico Francia-
Subdivisión general Historia
9 (RLIN) 8679
852 ## - LOCALIZACIÓN
Ubicación ES-MaACL
Número de control de estantería F-12726
Nota libre -- Enc. pasta española
Holdings
Estatus retirado Estado de pérdida Estado de daño No para préstamo Colección Biblioteca de origen Biblioteca actual Ubicación en estantería Fecha de adquisición Fuente de adquisición Total de préstamos Signatura topográfica completa Código de barras Visto por última vez Precio de reemplazo Tipo de ítem Koha
        Libros del s. XIX Biblioteca del Ateneo de Madrid Biblioteca del Ateneo de Madrid Sala Pecera Planta 2 17/01/2008     F-12726 1165526 23/02/2023 23/02/2023 Libro impreso antiguo